Effect of workmen's compensation laws in diminishing the necessity of industrial employment of women and children.

Bibliographic Details
Corporate Authors: United States. Bureau of Labor Statistics, ProQuest (Firm)
Format: Government Document eBook
Language:English
Published: Washington : [publisher not identified], 1917.
Series:United States congressional serial set.
Subjects:
Online Access:Connect to the full text of this electronic book

MARC

Tag First Indicator Second Indicator Subfields
LEADER 00000cam a22000001a 4500
001 in00002789816
005 20190331181233.0
006 m o d
007 cr bn mmmapmmp
008 091230s1917 dcud o f000 0 eng d
035 |a cis2004332145 
040 |a UMI  |c UMI  |d UtOrBLW 
043 |a n-us--- 
086 0 |a L 2.3:217 
099 |a ProQuest Serial Set Number 7283 H.doc.58 
110 1 |a United States.  |b Bureau of Labor Statistics. 
245 1 0 |a Effect of workmen's compensation laws in diminishing the necessity of industrial employment of women and children. 
246 1 |a Labor Statistics Bureau bulletin 217; Effect of workmen's compensation laws 
264 1 |a Washington :  |b [publisher not identified],  |c 1917. 
300 |a 1 online resource. 
336 |a text  |b txt  |2 rdacontent 
337 |a computer  |b c  |2 rdamedia 
338 |a online resource  |b cr  |2 rdacarrier 
490 0 |a H.doc.58 
500 |a Record is based on bibliographic data in ProQuest U.S. Serial Set Digital Collection (last viewed Dec. 2009). Reuse except for individual research requires license from ProQuest, LLC. 
510 3 |a ProQuest U.S. Serial Set Digital Collection 
500 |a Electronic resource. 
610 1 0 |a United States.  |b Bureau of Labor Statistics. 
650 0 |a Labor laws and legislation. 
650 0 |a Workers' compensation. 
655 7 |a Electronic books.  |2 local 
710 2 |a ProQuest (Firm) 
830 0 |a United States congressional serial set. 
856 4 0 |u http://proxy.library.tamu.edu/login?url=http://congressional.proquest.com/congcomp/getdoc?SERIAL-SET-ID=7283+H.doc.58  |z Connect to the full text of this electronic book  |t 0 
999 |a MARS 
999 f f |s 008682c2-087c-33b2-b086-05c8d8c547a5  |i 1fa8e10c-0068-3417-b829-68bcc2de5c7b  |t 0 
952 f f |a Texas A&M University  |b College Station  |c Electronic Resources  |d Available Online  |t 0  |e ProQuest Serial Set Number 7283 H.doc.58  |h Other scheme 
998 f f |a ProQuest Serial Set Number 7283 H.doc.58  |t 0  |l Available Online